| 000 | 01169cam a22003134a 4500 | ||
|---|---|---|---|
| 001 | 12750462 | ||
| 003 | OSt | ||
| 005 | 20180327192937.0 | ||
| 008 | 020423s2002 nyua b 001 0 eng | ||
| 010 | _a 2002070298 | ||
| 020 | _a0071361952 (alk. paper) | ||
| 035 | _a(DNLM)101143824 | ||
| 040 |
_aDNLM/DLC _cDLC _dDLC |
||
| 042 | _apcc | ||
| 050 | 0 | 0 |
_aRS101 _b.P48 2002 |
| 060 | 1 | 0 |
_aQV 18.2 _bP5367 2002 |
| 082 | 0 | 0 |
_aQV 737 N344p 2002 _221 |
| 100 |
_aEdited by Ruth E. Nemire; Karen L. Kier. _912587 |
||
| 245 | 0 | 0 |
_aPharmacy Clerkship Manual : _ba survival manual for students |
| 260 |
_aNew York : _bMcGraw-Hill/Medical Pub. Div., _cc2002. |
||
| 300 |
_axix, 524 p. : _bill. ; _c24 cm. |
||
| 504 | _aIncludes bibliographical references and index. | ||
| 650 | 0 |
_aPharmacy _92931 |
|
| 856 | 4 | 2 |
_3Publisher description _uhttp://www.loc.gov/catdir/description/mh022/2002070298.html |
| 856 | 4 | 1 |
_3Table of contents _uhttp://www.loc.gov/catdir/toc/mh021/2002070298.html |
| 856 | 4 | 2 |
_3Contributor biographical information _uhttp://www.loc.gov/catdir/enhancements/fy0739/2002070298-b.html |
| 906 |
_a7 _bcbc _corignew _d1 _eocip _f20 _gy-gencatlg |
||
| 942 |
_2z _cSLOAN |
||
| 999 |
_c1084 _d1084 |
||